Svitlo, linija, ploščina : (ŠTRICHI DO PORTRETA ORESTA DUBAJA)

Bibliographic Details
Main Author: Grešlík, Vladislav, 1953- (Author)
Format: Article
Language:Ukrainian

MARC

LEADER 00000nab a2200000ua 4500
001 vtls010809699
003 SK-MaSNL
005 20260303131846.0
008 230218s1989 xo |||||||||||||||||ukr|
035 |a (urnnbn)urn:nbn:sk:snk:ar-004omb 
035 |a (uuid)bfcd9481-68f0-4189-8e04-74ec8dd2be55 
035 |a urn:nbn:sk:snk-ab44n2 
040 |a SNKBUCL  |b slo  |c SNKBUCL  |e AACR2 
041 0 |a ukr 
044 |a xo  |c SK 
100 1 |a Grešlík, Vladislav,  |d 1953-  |4 aut  |9 199496 
245 1 0 |a Svitlo, linija, ploščina :  |b (ŠTRICHI DO PORTRETA ORESTA DUBAJA)  |c Vladislav Grešlik 
773 0 |t Duklja : literaturno-chudožnij ta hromads'ko-polityčnyj al'manach  |g Roč. 37, č. 4 (1989), s. 59-61 
958 |a OND 
958 |a EUIPO 
958 |a article3 
999 |c 1947521  |d 1949451